Código Civil : y normas complementarias. Análisis doctrinario y jurisprudencial. Tomo 2 B /

Guardado en:
Otros Autores: Highton, Elena I., (coord.)
Formato: Libro
Idioma:Spanish
Publicado: Buenos Aires : Hammurabi, 2004
Edición:1a. ed. ; 1a. reimp.
Materias:
Etiquetas: Agregar Etiqueta
Sin Etiquetas, Sea el primero en etiquetar este registro!
LEADER 00688nam a22001815a 4500
001 DER.der001403
008 180615s2004####|||||||||||||||||#||spa||
005 20251127172557.0
245 1 0 |a Código Civil :  |b y normas complementarias. Análisis doctrinario y jurisprudencial.  |n Tomo 2 B /  |c dirigido por Alberto J. Bueres, y Elena I. Highton. 
250 |a 1a. ed. ; 1a. reimp. 
260 |a Buenos Aires :  |b Hammurabi,  |c 2004 
300 |a 759 p. 
500 |a Artículos 724/978. Parte General. Obligaciones /. 
020 |a 9508910113 
700 1 |a Bueres, Alberto J.,  |e dir. 
700 1 |a Highton, Elena I.,  |e coord. 
650 7 |a DERECHO CIVIL 
859 |a DERECHO  |b BIB. DERECHO  |h 348.023  |i ARG  |p 003478  |3 Tomo 2 B